000 00462nam a2200121Ia 4500
001 IA_3220,17/06/2005,03/12/2012,0000001984 mx 0000000000spa00,"
008 220117s xx 000 0 und d
010 _a182516
090 _aFOLLETO 2305
100 _aSistema Nacional para el Abasto. México
_9147856
110 _aMÉXICO. SISTEMA NACIONAL PARA EL ABASTO
_9154353
245 _aDiagnóstico para la instalación de centros de acopio
999 _c182516
_d182516